[Event "FRA-chT Top 12 (Women) GpA"]
[Site "Chartres"]
[Date "2024.05.09"]
[Round "1.11"]
[White "Schippke, Manon"]
[Black "Langer, Karele"]
[Result "1-0"]
[WhiteElo "2189"]
[BlackElo "1759"]
[PlyCount "71"]
[EventDate "2024.05.09"]
[EventType "team-tourn"]
[EventRounds "5"]
[EventCountry "FRA"]
[SourceTitle "CBM 220 Extra"]
[Source "ChessBase"]
[SourceDate "2024.07.31"]
[SourceVersion "1"]
[SourceVersionDate "2024.07.31"]
[SourceQuality "1"]
[WhiteTeam "Chartres (W)"]
[BlackTeam "Domloupeen (W)"]
[WhiteTeamCountry "FRA"]
[BlackTeamCountry "FRA"]

1. e4 c5 2. Nf3 e6 3. d4 cxd4 4. Qxd4 Nc6 5. Qe3 d6 6. Nc3 Nf6 7. b3 Be7 8. Bb2 0-0 9. 0-0-0 a6 10. h3 Bd7 11. Kb1 b5 12. g4 Na7 13. e5 Nd5 14. Nxd5 exd5 15. exd6 Bf6 16. Ne5 Be6 17. d7 Qc7 18. Bg2 Bxe5 19. Qxe5 Qxe5 20. Bxe5 Bxd7 21. Bxd5 Rac8 22. Bb7 Bc6 23. Bxc8 Bxh1 24. Bxa6 Bg2 25. Rd7 Nc6 26. Bd6 Re8 27. Bxb5 Nd4 28. Bc4 Ne6 29. h4 Bh3 30. f3 h5 31. gxh5 Nd8 32. Re7 Rxe7 33. Bxe7 Nc6 34. Bc5 Ne5 35. Bd5 Nd7 36. Bd4 1-0

[Event "FRA-ch Blitz Online Qual"]
[Site "Europe Echecs INT"]
[Date "2020.05.16"]
[Round "5"]
[White "Fernandez, Jose3"]
[Black "Langer, Karele"]
[Result "1-0"]
[WhiteElo "1597"]
[BlackElo "1282"]
[PlyCount "69"]
[EventDate "2020.05.16"]
[EventType "swiss (blitz)"]
[EventRounds "15"]
[EventCountry "FRA"]
[SourceTitle "CBM 196 Extra"]
[Source "ChessBase"]
[SourceDate "2020.07.31"]
[SourceVersion "1"]
[SourceVersionDate "2020.07.31"]
[SourceQuality "1"]

1. e4 c5 2. Nc3 e6 3. f4 d5 4. Nf3 Nc6 5. a3 dxe4 6. Nxe4 Nf6 7. Neg5 h6 8. Nh3 Be7 9. d3 0-0 10. Be2 Bd7 11. Ne5 Nxe5 12. fxe5 Nd5 13. Bd2 f6 14. exf6 Rxf6 15. c4 Nc7 16. Bc3 Rf8 17. Qd2 Bh4+ 18. g3 Bg5 19. Nxg5 Qxg5 20. Qxg5 hxg5 21. 0-0-0 Rf7 22. Bh5 Rf2 23. Bg6 Raf8 24. h4 gxh4 25. Rxh4 R8f3 26. Rh7 Kf8 27. Bxg7+ Ke7 28. Be5+ Kd8 29. Rh8+ Ne8 30. Bf4 Rf1 31. Kd2 R1f2+ 32. Kc1 Rf1 33. Rxf1 Rxf1+ 34. Kd2 Rf2+ 35. Kc3 1-0

[Event "FRA-ch Blitz Online Qual"]
[Site "Europe Echecs INT"]
[Date "2020.05.16"]
[Round "14"]
[White "Langer, Karele"]
[Black "Kvashyna, Tetyana"]
[Result "0-1"]
[WhiteElo "1282"]
[BlackElo "1764"]
[PlyCount "44"]
[EventDate "2020.05.16"]
[EventType "swiss (blitz)"]
[EventRounds "15"]
[EventCountry "FRA"]
[SourceTitle "CBM 196 Extra"]
[Source "ChessBase"]
[SourceDate "2020.07.31"]
[SourceVersion "1"]
[SourceVersionDate "2020.07.31"]
[SourceQuality "1"]

1. d4 d5 2. c4 e6 3. cxd5 exd5 4. Nc3 c6 5. Nf3 Nf6 6. Bg5 Be7 7. e3 Be6 8. Bd3 Nbd7 9. 0-0 0-0 10. Qc2 h6 11. Bh4 Re8 12. Ne5 Nxe5 13. dxe5 Nd7 14. Bxe7 Qxe7 15. Bh7+ Kh8 16. Bd3 Nxe5 17. Be2 Qh4 18. g3 Qh3 19. Qd1 Bg4 20. Bxg4 Nxg4 21. Re1 Qxh2+ 22. Kf1 Qxf2# 0-1

[Event "FRA-ch Blitz Online Qual"]
[Site "Europe Echecs INT"]
[Date "2020.05.16"]
[Round "13"]
[White "Muller, Patrick"]
[Black "Langer, Karele"]
[Result "1-0"]
[WhiteElo "1582"]
[BlackElo "1282"]
[PlyCount "131"]
[EventDate "2020.05.16"]
[EventType "swiss (blitz)"]
[EventRounds "15"]
[EventCountry "FRA"]
[SourceTitle "CBM 196 Extra"]
[Source "ChessBase"]
[SourceDate "2020.07.31"]
[SourceVersion "1"]
[SourceVersionDate "2020.07.31"]
[SourceQuality "1"]

1. e4 c5 2. Nf3 e6 3. c4 d6 4. Nc3 Nc6 5. d3 Nf6 6. a3 Be7 7. Be3 0-0 8. Be2 Qb6 9. Qc2 Nd4 10. Bxd4 cxd4 11. Na4 Qd8 12. b4 e5 13. Nb2 Bg4 14. 0-0 Nh5 15. g3 Bh3 16. Rfe1 Bf6 17. Bf1 Bg4 18. Nd2 Bg5 19. Bg2 Bxd2 20. Qxd2 Qf6 21. Rf1 a6 22. f3 Bd7 23. Qe2 b5 24. f4 exf4 25. Qxh5 Qe7 26. Rxf4 g6 27. Qf3 bxc4 28. Nxc4 Rfe8 29. Rf1 Be6 30. Na5 Rac8 31. Qe2 Rc3 32. Qb2 Rxd3 33. R4f3 Rxf3 34. Rxf3 Qa7 35. Rd3 Bc4 36. Nxc4 Rc8 37. Qxd4 Qxd4+ 38. Rxd4 f6 39. Kf2 Kg7 40. Ke3 Rd8 41. Rxd6 Rc8 42. Rd4 h5 43. Na5 Rc3+ 44. Rd3 Rxd3+ 45. Kxd3 Kh6 46. Kd4 g5 47. Bf3 g4 48. Be2 Kg5 49. Bd3 h4 50. Nc4 hxg3 51. hxg3 f5 52. exf5 Kf6 53. Ke4 a5 54. Nxa5 Ke7 55. Ke5 Kf7 56. f6 Ke8 57. Bb5+ Kf8 58. Nc6 Ke8 59. Ke6 Kf8 60. f7 Kg7 61. Ke7 Kg6 62. f8Q Kg5 63. Qf4+ Kg6 64. Bd3+ Kg7 65. Ne5 Kg8 66. Qxg4+ 1-0